Axial age religious ideology: A new key to transforming african traditional religion and ethics
| Authors: | ; |
|---|---|
| Format: | Print Article |
| Language: | English |
| Check availability: | HBZ Gateway |
| Interlibrary Loan: | Interlibrary Loan for the Fachinformationsdienste (Specialized Information Services in Germany) |
| Published: |
2006
|
| In: |
Journal for semitics
Year: 2006, Volume: 15, Issue: 1, Pages: 32-66 |
| RelBib Classification: | BS Traditional African religions |
| Further subjects: | B
Ethics
B History of religion studies B Africa |
MARC
| LEADER | 00000naa a22000002c 4500 | ||
|---|---|---|---|
| 001 | 1650469705 | ||
| 003 | DE-627 | ||
| 005 | 20190311214104.0 | ||
| 007 | tu | ||
| 008 | 190311s2006 xx ||||| 00| ||eng c | ||
| 035 | |a (DE-627)1650469705 | ||
| 035 | |a (DE-576)519575342 | ||
| 035 | |a (DE-599)BSZ519575342 | ||
| 040 | |a DE-627 |b ger |c DE-627 |e rakwb | ||
| 041 | |a eng | ||
| 084 | |a 1 |2 ssgn | ||
| 100 | 1 | |a Krawitz, L. |4 aut | |
| 245 | 1 | 0 | |a Axial age religious ideology: A new key to transforming african traditional religion and ethics |
| 264 | 1 | |c 2006 | |
| 336 | |a Text |b txt |2 rdacontent | ||
| 337 | |a ohne Hilfsmittel zu benutzen |b n |2 rdamedia | ||
| 338 | |a Band |b nc |2 rdacarrier | ||
| 601 | |a Ideologie | ||
| 601 | |a Transformation | ||
| 601 | |a Religion | ||
| 650 | 0 | 7 | |0 (DE-588)7504020-7 |0 (DE-627)508169968 |0 (DE-576)25324384X |a Religionsgeschichte |2 gnd |
| 650 | 0 | 7 | |0 (DE-588)4015602-3 |0 (DE-627)106335987 |0 (DE-576)208912614 |a Ethik |2 gnd |
| 651 | 7 | |0 (DE-588)4000695-5 |0 (DE-627)10437036X |0 (DE-576)208839046 |a Afrika |2 gnd | |
| 652 | |a BS | ||
| 700 | 1 | |0 (DE-588)153601167 |0 (DE-627)679820450 |0 (DE-576)17375578X |4 aut |a Shaw, Brent D. |d 1947- | |
| 773 | 0 | 8 | |i In |t Journal for semitics |d Pretoria : Univ., 1990 |g 15(2006), 1, Seite 32-66 |w (DE-627)17036724X |w (DE-600)1047384-1 |w (DE-576)027060977 |x 1013-8471 |7 nnas |
| 773 | 1 | 8 | |g volume:15 |g year:2006 |g number:1 |g pages:32-66 |
| 935 | |a BIIN | ||
| 951 | |a AR | ||
| BIB | |a 1 | ||
| ELC | |b 1 | ||
| ITA | |a 1 |t 1 | ||
| LOK | |0 000 xxxxxcx a22 zn 4500 | ||
| LOK | |0 001 3337020267 | ||
| LOK | |0 003 DE-627 | ||
| LOK | |0 004 1650469705 | ||
| LOK | |0 005 20190311214104 | ||
| LOK | |0 008 190311||||||||||||||||ger||||||| | ||
| LOK | |0 035 |a (DE-Tue135-1)182782 | ||
| LOK | |0 040 |a DE-Tue135-1 |c DE-627 |d DE-Tue135-1 | ||
| LOK | |0 852 |a DE-Tue135-1 | ||
| LOK | |0 852 1 |c FTHAT098075/15,1/KZL |m p |9 00 | ||
| LOK | |0 852 2 |b Z 4/396 |9 00 | ||
| LOK | |0 935 |a iZSA | ||
| LOK | |0 936ln |0 1550735659 |a BS | ||
| LOK | |0 938 |k p | ||
| LOK | |0 939 |a 11-03-19 |b l12 | ||
| ORI | |a SA-MARC-ixtheoa001.raw | ||
| REL | |a 1 | ||
| STA | 0 | 0 | |a Africa,Africa,Ethics,Ethics,Moral philosophy,Philosophical Ethics,Ethics,History of religion studies,History of religion,History of religion |
| STB | 0 | 0 | |a Afrique,Histoire des religions,Histoire religieuse,Éthique,Éthique,Morale,Morale,Morale |
| STC | 0 | 0 | |a Historia de la religión,Historia de la religión,África,Ética,Ética,Ética moderna |
| STD | 0 | 0 | |a Africa,Etica,Etica,Storia delle religioni,Storia delle religioni |
| STE | 0 | 0 | |a 伦理学,道德哲学,道德学,宗教史,宗教 |
| STF | 0 | 0 | |a 倫理學,道德哲學,道德學,宗教史,宗教 |
| STG | 0 | 0 | |a História da religião,História da religião,África,Ética,Ética |
| STH | 0 | 0 | |a Африка (мотив),История религии (дисциплина),История религии,Этика (мотив),Этика |
| STI | 0 | 0 | |a Αφρική (μοτίβο),Ηθική (μοτίβο),Ηθική,Θρησκευτική Ιστορία (μάθημα),Θρησκευτική Ιστορία |
| SUB | |a BIB |a REL | ||
| SYE | 0 | 0 | |a Ethics,Moral,Morality,Moralphilosophie,Tugend,Wertethik,Ethische Theorie,Moral,Philosophische Ethik,Sittenlehre,Moralphilosophie |
| SYF | 0 | 0 | |a Subsaharisches Afrika,Africa,Afrikanische Länder,Afrikanische Staaten |



